| 000 | 00684nam a2200253 i 4500 | ||
|---|---|---|---|
| 001 | C2-0086031 | ||
| 003 | PPAK | ||
| 005 | 20180727090813.0 | ||
| 008 | 970430s1991 my a|||| ||||| | may d | ||
| 020 | _a9839665669 ; 9839665693 | ||
| 040 |
_aPPAK _beng _cPPAK _erda |
||
| 082 | 0 | 4 |
_a633.8952 _223 |
| 090 | 0 | 0 |
_a633.8952 _bRAS _dG |
| 090 | 0 | 0 |
_a633.8952 _bRAS _dK |
| 100 | 0 |
_aRashid Abdullah, _eauthor |
|
| 245 | 1 | 0 | _aGetah |
| 264 | 1 |
_aPetaling Jaya, Selangor : _bPrisma , _c1991. |
|
| 300 |
_a84 pages : _billustrations ; _c23 cm |
||
| 336 |
_2rdacontent _atext |
||
| 337 |
_2rdamedia _aunmediated |
||
| 338 |
_2rdacarrier _avolume |
||
| 650 | 1 | 0 | _aRubber plants |
| 942 |
_ddc _cB |
||
| 999 |
_c17455 _d17455 |
||